| 000 | 01296nam a22002657a 4500 | ||
|---|---|---|---|
| 005 | 20170124103139.0 | ||
| 010 | _aA-893633 | ||
| 020 |
_c250.00 _a8185469806 |
||
| 035 | _aA-893633 | ||
| 037 | _bCen Lib/Ret | ||
| 040 |
_aDPL _bHN |
||
| 082 |
_a823.08 _bमधुरे |
||
| 100 |
_aमधुरेश _9500 |
||
| 245 |
_aहिंदी कहानी : अस्मिता की तलाश : _cमधुरेश _bकथा साहित्य में विश्वसनीयत और मूल्यवत्ता का संघर्ष / |
||
| 246 |
_aHindi kahani : asmita ki talash : katha sahitya me vishvsniyata aur molyavatta ka sangharsh / _bby Madhuresh |
||
| 260 |
_aपंचकूला _bआधार प्रकाशन _c1997 |
||
| 270 |
_bपंचकूला _aएस.से.ऍफ़. 267 सेक्टर-16 _e134109 |
||
| 300 |
_a340पृ. _c20सेमी(सजिल्द ) |
||
| 500 | _aसन्दर्भ सूची शामिल | ||
| 650 |
_aसाहित्य--कहानियां _x _z _985275 |
||
| 650 |
_aहिंदी--कहानियां _92082 |
||
| 650 |
_aliterature -- stories _985276 |
||
| 650 |
_aHindi -stories _985277 |
||
| 942 |
_2ddc _cHN _h823.08 _mमधुरे |
||
| 999 |
_c119501 _d119501 |
||